00398nam a2200145 a 4500041000800000100001900008245004400027260006600071300001100137700002000148700002000168700002300188700002300211700001800234 aspa aAmend, Stephan aPlanes de manejo conceptos y propuestas aPanamábParques Nacionales y Conservación Ambientalc2002 a110 p. aGiraldo, Aída aOltremari, Juan aSánchez, Ramón aValarezo, Vladimir aYeren, Edgard